Countries by Football Team Jersey - Statistics

General Stats
  • This quiz has been taken 1,970 times
  • The average score is 18 of 20
Answer Stats
Picture Answer % Correct
Brazil
99%
Argentina
98%
France
98%
Belgium
97%
Portugal
97%
Germany
96%
Italy
96%
Netherlands
96%
Spain
96%
Croatia
95%
Switzerland
95%
England
94%
Uruguay
86%
Poland
85%
Senegal
84%
Wales
83%
Morocco
82%
Colombia
81%
Peru
78%
Egypt
62%
No matching quizzes found
Score Distribution
Percent of People with Each Score
Percentile by Number Answered
Your Score History
You have not taken this quiz